000 00238nam a2200097Ia 4500
001 683656
005 20250826161442.0
008 250824s9999 xx 000 0 und d
245 0 _aBEKLENEN SENSİN
_cCUMALİ SEVER
260 _bHAYAT YAYINLARI
999 _c683656
_d683656